| 000 | 00401nam a22001577a 4500 | ||
|---|---|---|---|
| 003 | OSt | ||
| 005 | 20231212070230.0 | ||
| 008 | 221212b xxu||||| |||| 00| 0 eng d | ||
| 020 | _a978-93-560-6427-0 | ||
| 040 | _cIIMT UNIVERSITY MEERUT | ||
| 100 | _aROBBINS, STEPHEN P. | ||
| 245 | _aORGANIZATIONAL BEHAVIOR | ||
| 260 |
_aNOIDA _bPEARSON INDIA _c2022 |
||
| 300 | _a796 | ||
| 942 |
_2ddc _c01 _e18 EDITION |
||
| 999 |
_c56172 _d56172 |
||